Un juez de Indias (Record no. 50619)
[ view plain ]
| 000 -LEADER | |
|---|---|
| campo de control de longitud fija | 00542nam a2200169 i 4500 |
| 001 - NÚMERO DE CONTROL | |
| campo de control | 50619 |
| 003 - IDENTIFICADOR DE NÚMERO DE CONTROL | |
| campo de control | ES-MaACL |
| 005 - FECHA Y HORA DE LA ÚLTIMA TRANSACCIÓN | |
| campo de control | 20251115063235.0 |
| 007 - CAMPO FIJO DE DESCRIPCIÓN FÍSICA--INFORMACIÓN GENERAL | |
| campo de control de longitud fija | t| |
| 008 - DATOS DE LONGITUD FIJA--INFORMACIÓN GENERAL | |
| campo de control de longitud fija | 030805s1934 sp ||||1| spa d |
| 100 0# - ENTRADA PRINCIPAL--NOMBRE DE PERSONA | |
| Nombre de persona | Chacón y Calvo, José María, |
| Fechas asociadas al nombre | 1893-1969 |
| 9 (RLIN) | 37770 |
| 245 10 - MENCIÓN DEL TÍTULO | |
| Título | Un juez de Indias |
| Resto del título | : (vida documental de José Francisco Heredia) / |
| Mención de responsabilidad, etc. | José María Chacón y Calvo. |
| 260 ## - PUBLICACIÓN, DISTRIBUCIÓN, ETC. | |
| Lugar de publicación, distribución, etc. | Madrid : |
| Nombre del editor, distribuidor, etc. | [s.n.], |
| Fecha de publicación, distribución, etc. | 1934 ( |
| Fabricante | Tip. de Archivos) |
| 300 ## - DESCRIPCIÓN FÍSICA | |
| Extensión | 170 p. ; |
| Dimensiones | 24 cm. |
| 852 ## - LOCALIZACIÓN | |
| Ubicación | ES-MaACL |
| Número de control de estantería | A-1960 |
| Estatus retirado | Estado de pérdida | Estado de daño | No para préstamo | Biblioteca de origen | Biblioteca actual | Ubicación en estantería | Fecha de adquisición | Fuente de adquisición | Total de préstamos | Signatura topográfica completa | Código de barras | Visto por última vez | Precio de reemplazo | Tipo de ítem Koha |
|---|---|---|---|---|---|---|---|---|---|---|---|---|---|---|
| Biblioteca del Ateneo de Madrid | Biblioteca del Ateneo de Madrid | Sala Pecera Planta 1 | 17/01/2008 | A-1960 | 1053241 | 23/02/2023 | 23/02/2023 | Libro impreso |
